100 największych miast w Hiszpanii (z mapą) - Statystyki

Ogólne statystyki
  • Ten quiz został rozwiązany 3 264 razy
  • Średni wynik to 19 z 100
Odpowiedzi na mapie
Odpowiedzi zakodowano w zielono-czerwonej skali na mapie do tego quizu, zgodnie z poniższymi procentami.
 
Statystyki odpowiedzi
Populacja Miasto % Poprawnych
3,22 mln Madryt
99%
1,62 mln Barcelona
98%
688 tys. Sewilla
78%
791 tys. Walencja
77%
345 tys. Bilbao
76%
571 tys. Malaga
64%
667 tys. Saragossa
58%
100 tys. Girona
53%
409 tys. Palma
51%
378 tys. Las Palmas
49%
293 tys. Vigo
47%
87,7 tys. San Sebastián de los Reyes
46%
331 tys. Alicante
43%
180 tys. Getafe
42%
447 tys. Murcja
40%
199 tys. Pampeluna
39%
232 tys. Granada
38%
244 tys. A Coruña
37%
116 tys. Kadyks
36%
325 tys. Kordoba
36%
298 tys. Valladolid
36%
172 tys. Santander
34%
220 tys. Oviedo
30%
84,2 tys. Toledo
30%
85,1 tys. Ceuta
29%
230 tys. Elche
29%
271 tys. Gijón
29%
196 tys. Almería
27%
124 tys. León
27%
188 tys. Leganés
26%
96,4 tys. Santiago de Compostela
24%
141 tys. Marbella
21%
173 tys. Albacete
19%
175 tys. Burgos
18%
86,4 tys. Melilla
18%
143 tys. Salamanka
18%
204 tys. Santa Cruz
18%
144 tys. Huelva
16%
213 tys. Kartagena
16%
132 tys. Tarragona
16%
217 tys. Badalona
14%
249 tys. Vitoria-Gasteiz
14%
150 tys. Badajoz
13%
98,0 tys. Lugo
11%
170 tys. Castello de la Plana
10%
212 tys. Jerez de la Frontera
10%
261 tys. L'Hospitalet de Llobregat
10%
121 tys. Algeciras
9%
113 tys. Jaén
9%
137 tys. Lleida
9%
151 tys. Logroño
8%
105 tys. Ourense
8%
103 tys. Reus
8%
211 tys. Sabadell
8%
218 tys. Terrassa
8%
169 tys. Alcorcón
7%
84,9 tys. Guadalajara
7%
126 tys. Mataró
7%
96,1 tys. Cáceres
6%
186 tys. Donostia
6%
193 tys. Fuenlabrada
6%
207 tysi. Móstoles
6%
82,8 tys. Pontevedra
6%
75,2 tys. Alcalá de Guadaíra
5%
193 tys. Alcalá de Henares
5%
78,7 tys. Avilés
5%
133 tys. Dos Hermanas
5%
116 tys. Alcobendas
4%
100 tys. Barakaldo
4%
93,1 tys. Lorca
4%
76,2 tys. Manresa
4%
78,6 tys. Palencia
4%
128 tys. Parla
4%
95,2 tys. San Fernando
4%
118 tys. Santa Coloma de Gramenet
4%
129 tys. Torrejón de Ardoz
4%
82,5 tys. Torrevieja
4%
87,1 tys. Cornellà de Llobregat
3%
84,7 tys. El Ejido
3%
75,3 tys. Fuengirola
3%
78,2 tys. Getxo
3%
155 tys. La Laguna
3%
95,5 tys. Las Rozas de Madrid
3%
80,6 tys. Mijas
3%
94,9 tys. Roquetas de Mar
3%
76,3 tys. Rubí
3%
83,0 tys. Talavera de la Reina
3%
102 tys. Telde
3%
81,2 tys. Torrent
3%
79,4 tys. Arona
2%
83,8 tys. Chiclana de la Frontera
2%
81,8 tys. Coslada
2%
88,3 tys. El Puerto de Santa María
2%
76,7 tys. Orihuela
2%
86,2 tys. Pozuelo de Alarcón
2%
85,9 tys. Rivas-Vaciamadrid
2%
82,9 tys. Sant Boi de Llobregat
2%
90,7 tys. Sant Cugat del Vallès
2%
74,7 tys. Valdemoro
2%
80,8 tys. Vélez-Málaga
2%
Nie znaleziono quizów pasujących do podanych kryteriów
Rozkład punktacji
Procent ludzi z każdym wynikiem
Percentyl według liczby udzielonych odpowiedzi
Twoja historia wyników
Nie rozwiązałeś tego quizu